000 00787nam a2200253Ia 4500
003 OSt
005 20220927112118.0
006 a|||||r|||| 00| 0
007 ta
008 220926b |||||||| |||| 00| 0 eng d
024 _a109240
037 _cReports
040 _aRTL
_cRTL
_beng
041 _2eng
_aeng
082 _a"X9(M73).531.2.N32t, G3"
110 _a"India, Government Of .... Tariff (Board)"
_9383147
245 0 _aReport regarding the grant of protection to the se
260 _aDelhi
_bManager Of Publication India
_c1933
300 _a200p.
_ccm.
650 _aSilk Industry
_9375782
700 _a"India, Government Of .... Tariff (Board)"
_9383148
942 _h"X9(M73).531.2.N32t, G3"
_cCC
999 _c699824
_d699824